000 00341 a2200157 4500
001 60418
020 _a
040 _cAnchieta - Pituba
100 _aAnchieta, José de
240 1 0 _aCartas
_lpor
245 1 0 _aCartas
300 _a528
362 0 _a1984
650 4 _aTratamento historico e geografico de pessoas cristãs
942 _cBK
999 _c60418
_d60418